[Event "U-20 Pan-American Chess Championship Absolute 2022"]
[Site "(Pereira - Risaralda) Gran Hotel. Calle 19 # 9-19"]
[Date "2022.08.27"]
[Round "8"]
[Board "7"]
[White "Wong Pages, Juan"]
[Black "Loaiza Cuervo, Santiago"]
[Result "1-0"]
[WhiteElo "2008"]
[BlackElo "2082"]
[PlyCount "43"]
[EventDate "2022.08.23"]
[EventRounds "9"]
[EventCountry "COL"]

1. d4 Nf6 2. Nf3 c5 3. d5 d6 4. Nc3 g6 5. e4 Bg7 6. Bc4 O-O 7. O-O a6 8. a4 Bg4
9. h3 Bxf3 10. Qxf3 Nbd7 11. Qe2 Ne8 12. a5 Ne5 13. Bb3 b5 14. axb6 Qxb6 15.
Ba4 g5 16. Bxg5 Qxb2 17. Bd2 Qb4 18. f4 Qd4+ 19. Kh2 Ng6 20. Bc6 Rb8 21. Rxa6
Rb2 22. Nb5   1-0

[Event "U-20 Pan-American Chess Championship Absolute 2022"]
[Site "(Pereira - Risaralda) Gran Hotel. Calle 19 # 9-19"]
[Date "2022.08.27"]
[Round "8"]
[Board "8"]
[White "Quiroga Jaquez, Angel Ivan"]
[Black "Esmeraldas Huachi, Anderson"]
[Result "0-1"]
[WhiteElo "2151"]
[BlackElo "2081"]
[PlyCount "118"]
[EventDate "2022.08.23"]
[EventRounds "9"]
[EventCountry "COL"]

1. Nf3 Nf6 2. e3 d5 3. b3 g6 4. Bb2 Bg7 5. d4 O-O 6. Bd3 b6 7. O-O Bb7 8. Ne5
Nbd7 9. f4 e6 10. Nd2 c5 11. Qe2 Rc8 12. Rfd1 Rc7 13. Rac1 Qa8 14. c4 Rd8 15.
a3 Ne4 16. cxd5 exd5 17. Nxe4 dxe4 18. Bc4 Nxe5 19. dxe5 Bd5 20. Bxd5 Rxd5 21.
Rxd5 Qxd5 22. Rd1 Qxb3 23. Rd8+ Bf8 24. Qd2 Re7 25. h3 Qb5 26. g4 Re8 27. Rd7
Bg7 28. Rxa7 Qd3 29. Rd7 Qxd2 30. Rxd2 Bf8 31. Kf2 c4 32. f5 Ra8 33. e6 fxe6
34. fxe6 Re8 35. Rc2 b5 36. a4 bxa4 37. Rxc4 a3 38. Bxa3 Bxa3 39. Rxe4 Bd6 40.
h4 Kf8 41. Kf3 Ke7 42. Ra4 Kxe6 43. Ra5 Rf8+ 44. Ke4 h6 45. Ra7 Rf1 46. Rh7 Bf8
47. Ra7 Be7 48. h5 g5 49. Ra4 Bd6 50. Kd3 Rf2 51. Ke4 Rf1 52. Kd3 Kd5 53. Ra5+
Bc5 54. Ra6 Rg1 55. Rxh6 Rxg4 56. Rg6 Rg3 57. h6 Bxe3 58. h7 Bf4+ 59. Ke2 Rh3
  0-1

[Event "U-20 Pan-American Chess Championship Absolute 2022"]
[Site "(Pereira - Risaralda) Gran Hotel. Calle 19 # 9-19"]
[Date "2022.08.27"]
[Round "8"]
[Board "9"]
[White "Mora Munoz, Alejandro"]
[Black "Picasso Periche, Luis Willian Alberto"]
[Result "1-0"]
[WhiteElo "1973"]
[BlackElo "1226"]
[PlyCount "123"]
[EventDate "2022.08.23"]
[EventRounds "9"]
[EventCountry "COL"]

1. e4 g6 2. d4 Bg7 3. Nc3 d6 4. Be3 Nf6 5. Qd2 a6 6. f3 c6 7. g4 b5 8. Bd3 e5
9. dxe5 dxe5 10. a4 Bb7 11. Nge2 h5 12. g5 Nfd7 13. O-O O-O 14. axb5 axb5 15.
Rxa8 Bxa8 16. Ra1 Bb7 17. Ra7 Qc8 18. Nc1 Rd8 19. Qf2 b4 20. Na4 c5 21. Nxc5
Nxc5 22. Bxc5 Na6 23. Be3 Bf8 24. Nb3 Nb8 25. Nc5 Bxc5 26. Bxc5 b3 27. Ra3 Na6
28. Rxb3 Nxc5 29. Rc3 Qa8 30. Rxc5 Bc8 31. Kg2 Qa2 32. b3 Be6 33. Bc4 Bxc4 34.
Rxc4 Qa5 35. Kg3 Kg7 36. Rc5 Qa7 37. Rd5 Qe7 38. h4 Rxd5 39. exd5 e4 40. Qd4+
Kg8 41. Qxe4 Qc7+ 42. Kg2 Qa5 43. b4 Qc7 44. f4 Kf8 45. Kf3 Qc3+ 46. Ke2 Qg3
47. d6 Qxh4 48. Qe7+ Kg7 49. d7 Qh2+ 50. Kd3 Qg3+ 51. Qe3 Qg4 52. d8=Q Qd1+ 53.
Qd2 Qf3+ 54. Kc4 Qc6+ 55. Kb3 Qe6+ 56. Q8d5 Qh3+ 57. Q2d3 Qc8 58. Q3d4+ Kg8 59.
Qd8+ Qxd8 60. Qxd8+ Kg7 61. Qf6+ Kg8 62. b5   1-0

[Event "U-20 Pan-American Chess Championship Absolute 2022"]
[Site "(Pereira - Risaralda) Gran Hotel. Calle 19 # 9-19"]
[Date "2022.08.27"]
[Round "8"]
[Board "10"]
[White "Mayta Aiza, Maveric"]
[Black "Cardenas Encalada, David Josue"]
[Result "1-0"]
[WhiteElo "1962"]
[BlackElo "1669"]
[PlyCount "95"]
[EventDate "2022.08.23"]
[EventRounds "9"]
[EventCountry "COL"]

1. e4 c5 2. Nf3 Nc6 3. Bb5 g6 4. O-O Bg7 5. c3 a6 6. Bxc6 dxc6 7. d3 e5 8. Be3
b6 9. Na3 Ne7 10. Nc4 Bg4 11. b4 b5 12. Na5 cxb4 13. cxb4 O-O 14. Bc5 Re8 15.
h3 Bxf3 16. Qxf3 Qd7 17. Rac1 Nc8 18. Rc3 Re6 19. Rfc1 Bf6 20. Qe3 Rb8 21. a3
Qd8 22. Qe2 Qd7 23. Qc2 Bg5 24. Rd1 Nb6 25. Bxb6 Rxb6 26. Nb3 Be7 27. Rc1 Rd6
28. Nc5 Qd8 29. Qe2 Rd4 30. Nb3 Rd6 31. g3 h5 32. h4 Re6 33. Na5 g5 34. Nxc6
Qd7 35. Nxe7+ Rxe7 36. Qxh5 gxh4 37. Qxh4 Re8 38. Kg2 Rbe6 39. Rh1 Kf8 40. Qg5
Rg6 41. Qh5 Qd4 42. Qh8+ Rg8 43. Qh6+ Rg7 44. Qc6 Qd8 45. Qxa6 Kg8 46. Qh6 Kf8
47. Qc6 Kg8 48. Qxb5   1-0

[Event "U-20 Pan-American Chess Championship Absolute 2022"]
[Site "(Pereira - Risaralda) Gran Hotel. Calle 19 # 9-19"]
[Date "2022.08.27"]
[Round "8"]
[Board "11"]
[White "Vargas Viscaino, Jesus Daniel"]
[Black "Gonzalez Mojica, Renan Arturo"]
[Result "0-1"]
[WhiteElo "1942"]
[BlackElo "1970"]
[PlyCount "87"]
[EventDate "2022.08.23"]
[EventRounds "9"]
[EventCountry "COL"]

1. e4 d6 2. d4 g6 3. Nc3 Bg7 4. f4 Nf6 5. Nf3 c5 6. Bb5+ Bd7 7. e5 Ng4 8. h3
Bxb5 9. Nxb5 Qa5+ 10. Nc3 cxd4 11. Qxd4 dxe5 12. Qe4 exf4 13. hxg4 Bxc3+ 14.
bxc3 Qxc3+ 15. Kf2 Qxa1 16. Qxb7 O-O 17. Qxa8 Qxa2 18. Qe4 Nd7 19. Qxf4 Qxc2+
20. Kg3 Nf6 21. Re1 Nd5 22. Qd4 Qc7+ 23. Kh3 Rd8 24. Rd1 Qc8 25. Kh4 Rd6 26.
Ba3 Nb4 27. Qxd6 exd6 28. Bxb4 h5 29. Rd4 hxg4 30. Rxg4 Kg7 31. Rd4 Qd8+ 32.
Kg3 d5 33. Kf2 f6 34. g4 g5 35. Bc3 Kg6 36. Ra4 Qc8 37. Bd2 a6 38. Rd4 Qa8 39.
Bc3 a5 40. Rd3 a4 41. Nd4 a3 42. Ba1 a2 43. Rf3 Qb8 44. Rxf6+   0-1

[Event "U-20 Pan-American Chess Championship Absolute 2022"]
[Site "(Pereira - Risaralda) Gran Hotel. Calle 19 # 9-19"]
[Date "2022.08.27"]
[Round "8"]
[Board "12"]
[White "Puerta Rendon, Jacobo"]
[Black "Tobar B, Jorge Esteban"]
[Result "1-0"]
[WhiteElo "1662"]
[BlackElo "1929"]
[PlyCount "119"]
[EventDate "2022.08.23"]
[EventRounds "9"]
[EventCountry "COL"]

1. e4 e6 2. d4 d5 3. Nc3 Bb4 4. e5 c5 5. Bd2 Bxc3 6. Bxc3 Nc6 7. Nf3 cxd4 8.
Nxd4 Nge7 9. f4 Nxd4 10. Qxd4 Nf5 11. Qf2 Bd7 12. O-O-O Rc8 13. Qxa7 O-O 14. g4
Ra8 15. Qf2 d4 16. Bb4 Rxa2 17. Kb1 Qa8 18. Ba3 Rxa3 19. bxa3 Ne7 20. Qxd4 Bc6
21. Rg1 Nd5 22. Rg3 Qa5 23. Bg2 Rd8 24. Rgd3 Qb5+ 25. Ka2 Ra8 26. Rb3 Qa5 27.
Bxd5 exd5 28. Qb6 Qa4 29. Rd4 Qa5 30. Qxa5 Rxa5 31. Kb2 Kf8 32. Rbb4 Rc5 33. c4
dxc4 34. Rbxc4 Ra5 35. Rd6 Rb5+ 36. Kc2 Ra5 37. Kb2 Rb5+ 38. Rb4 Rc5 39. a4 Ke7
40. Kb3 Rc1 41. Rc4 Rb1+ 42. Kc2 Ra1 43. Kb2 Rh1 44. Rdxc6 bxc6 45. Rxc6 Rxh2+
46. Rc2 Rh1 47. a5 Rd1 48. Rc7+ Ke6 49. a6 Rd4 50. Kb3 Rd1 51. a7 Ra1 52. Kb4
f6 53. Kb5 fxe5 54. Rc6+ Kd5 55. Ra6 Rb1+ 56. Ka5 Kc5 57. Rc6+ Kxc6 58. a8=Q+
Kd6 59. Qd8+ Kc5 60. Qc7+   1-0

[Event "U-20 Pan-American Chess Championship Absolute 2022"]
[Site "(Pereira - Risaralda) Gran Hotel. Calle 19 # 9-19"]
[Date "2022.08.27"]
[Round "8"]
[Board "13"]
[White "Ramirez Madrid, Gerardo Alfonso"]
[Black "Fascio Outerbridge, Arno Augusto"]
[Result "1-0"]
[WhiteElo "1967"]
[BlackElo "1602"]
[PlyCount "56"]
[EventDate "2022.08.23"]
[EventRounds "9"]
[EventCountry "COL"]

1. Nf3 Nf6 2. g3 d5 3. Bg2 g6 4. b3 Bg7 5. Bb2 Nbd7 6. c4 c6 7. d4 O-O 8. O-O
a5 9. Nbd2 Qc7 10. Qc2 Qb8 11. Rfe1 Re8 12. Rad1 a4 13. e4 dxe4 14. Ng5 h6 15.
Ngxe4 Nxe4 16. Nxe4 a3 17. Bc3 Nf6 18. d5 Nxe4 19. Bxg7 Kxg7 20. Bxe4 cxd5 21.
Rxd5 Be6 22. Rb5 Ra7 23. Bxg6 Bd7 24. Bxf7 Kxf7 25. Qh7+ Kf6 26. Qxh6+ Kf7 27.
Rg5 Rg8 28. Qh7+ Ke8   1-0

[Event "U-20 Pan-American Chess Championship Absolute 2022"]
[Site "(Pereira - Risaralda) Gran Hotel. Calle 19 # 9-19"]
[Date "2022.08.28"]
[Round "9"]
[Board "1"]
[White "Flores Quillas, Diego Saul Rodri"]
[Black "Avila Rodriguez, Joshua Ad"]
[Result "1-0"]
[WhiteElo "2200"]
[BlackElo "2215"]
[PlyCount "93"]
[EventDate "2022.08.23"]
[EventRounds "9"]
[EventCountry "COL"]

1. e4 c5 2. Nf3 d6 3. d4 cxd4 4. Nxd4 Nf6 5. Nc3 a6 6. h3 e5 7. Nde2 h5 8. Bg5
Be6 9. Bxf6 Qxf6 10. Nd5 Qd8 11. Qd3 Nd7 12. O-O-O g6 13. Kb1 Nc5 14. Qf3 Bg7
15. Nec3 b5 16. Be2 Rb8 17. a3 O-O 18. Qe3 Kh7 19. g3 Rb7 20. h4 Bh6 21. f4 Re8
22. Qf3 exf4 23. gxf4 f5 24. e5 dxe5 25. fxe5 Bxd5 26. Rxd5 Nd7 27. e6 Rxe6 28.
Rxf5 Rbb6 29. Rd5 Qe7 30. Rhd1 Nf6 31. R5d4 Bg7 32. Bd3 Re3 33. Qg2 Ng4 34. Rd7
Qe5 35. Rd5 Qe6 36. Rxh5+ Bh6 37. Rc5 Re5 38. Rc7+ Bg7 39. h5 Rxh5 40. Rg1 Ne5
41. Be2 Rf5 42. Nd5 Rc6 43. Rh1+ Kg8 44. Ne7+ Kf8 45. Nxc6 Nxc6 46. Qxc6 Qxe2
47. Qa8+   1-0

[Event "U-20 Pan-American Chess Championship Absolute 2022"]
[Site "(Pereira - Risaralda) Gran Hotel. Calle 19 # 9-19"]
[Date "2022.08.28"]
[Round "9"]
[Board "2"]
[White "Lu, Maximillian"]
[Black "Londono Lopez, Donaldo"]
[Result "1-0"]
[WhiteElo "2442"]
[BlackElo "2044"]
[PlyCount "47"]
[EventDate "2022.08.23"]
[EventRounds "9"]
[EventCountry "COL"]

1. d4 Nf6 2. c4 g6 3. Nc3 d5 4. cxd5 Nxd5 5. e4 Nxc3 6. bxc3 Bg7 7. Nf3 c5 8.
Be2 O-O 9. O-O b6 10. Bg5 Bb7 11. Qd3 h6 12. Bf4 cxd4 13. cxd4 Nd7 14. e5 Bd5
15. h4 Qc7 16. Qe3 Qb7 17. Bxh6 Rfd8 18. h5 Nf8 19. Nh4 Kh7 20. Bxg7 Kxg7 21.
Bd3 e6 22. Qg5 Nh7 23. Qg3 g5 24. f4   1-0

[Event "U-20 Pan-American Chess Championship Absolute 2022"]
[Site "(Pereira - Risaralda) Gran Hotel. Calle 19 # 9-19"]
[Date "2022.08.28"]
[Round "9"]
[Board "3"]
[White "Rojas Salas, Steven"]
[Black "Escalona Landi, Samid Eduardo"]
[Result "1/2-1/2"]
[WhiteElo "2199"]
[BlackElo "2191"]
[PlyCount "113"]
[EventDate "2022.08.23"]
[EventRounds "9"]
[EventCountry "COL"]

1. e4 c5 2. Nf3 Nc6 3. d4 cxd4 4. Nxd4 g6 5. c4 Bg7 6. Be3 Nf6 7. Nc3 O-O 8.
Be2 d6 9. O-O Bd7 10. Qd2 Nxd4 11. Bxd4 Bc6 12. f3 a5 13. b3 Nd7 14. Bf2 Nc5
15. Rab1 Qb6 16. a3 Qc7 17. Bd1 Rfc8 18. Bc2 Nd7 19. Bd3 Nc5 20. Bc2 Nd7 21.
Bd3 Nc5 22. Be2 Be5 23. Rfd1 Qd8 24. Qe3 Qf8 25. Nd5 Bxd5 26. Rxd5 Qg7 27. f4
Bb2 28. a4 Qc3 29. Qxc3 Bxc3 30. e5 Bb4 31. Bf3 dxe5 32. fxe5 Rab8 33. Kf1 b6
34. Be3 Bc3 35. Bf4 Rd8 36. Rbd1 Rdc8 37. R5d3 Nxd3 38. Rxd3 Bb4 39. e6 fxe6
40. Bxb8 Rxb8 41. Re3 Kf7 42. Bg4 Bc5 43. Bxe6+ Kg7 44. Rg3 Rf8+ 45. Ke2 Rf2+
46. Kd3 Bd6 47. Rf3 Rxf3+ 48. gxf3 Kf6 49. Bh3 Bxh2 50. Ke4 e6 51. Bg4 Bd6 52.
Bh3 h5 53. Bf1 Bb4 54. Bh3 Bc5 55. Kf4 Bf2 56. Ke4 e5 57. Be6   1/2-1/2

[Event "U-20 Pan-American Chess Championship Absolute 2022"]
[Site "(Pereira - Risaralda) Gran Hotel. Calle 19 # 9-19"]
[Date "2022.08.28"]
[Round "9"]
[Board "4"]
[White "Vasquez Vargas, Henry Richard"]
[Black "Castro Silva, Moises Antonio"]
[Result "1/2-1/2"]
[WhiteElo "2130"]
[BlackElo "2169"]
[PlyCount "88"]
[EventDate "2022.08.23"]
[EventRounds "9"]
[EventCountry "COL"]

1. d4 Nf6 2. c4 g6 3. f3 d5 4. cxd5 Nxd5 5. e4 Nb6 6. Nc3 Bg7 7. Be3 O-O 8. Qd2
Nc6 9. O-O-O Qd6 10. Kb1 Rd8 11. d5 Ne5 12. Qf2 Nec4 13. Bc5 Qd7 14. Bd4 e5 15.
Bc5 Qe8 16. h4 f5 17. h5 gxh5 18. Nge2 fxe4 19. fxe4 Bg4 20. b3 Nd6 21. Rd3 Qg6
22. Ng3 Rf8 23. Qe1 Nd7 24. Ba3 Rf4 25. Re3 Bh6 26. Bd3 Raf8 27. Bxd6 cxd6 28.
Nf5 R4xf5 29. exf5 Bxf5 30. Bxf5 Qxf5+ 31. Re4 Nc5 32. Qe2 Nxe4 33. Nxe4 Qg6
34. g3 Rf2 35. Qc4 Rf7 36. Qe2 Rf2 37. Qc4 Be3 38. Qd3 Rf3 39. Re1 Qh6 40. Qc3
Qg6 41. Qd3 Qh6 42. Qc3 Qg6 43. Qd3 Qh6 44. Nxd6 Qxd6   1/2-1/2

[Event "U-20 Pan-American Chess Championship Absolute 2022"]
[Site "(Pereira - Risaralda) Gran Hotel. Calle 19 # 9-19"]
[Date "2022.08.28"]
[Round "9"]
[Board "5"]
[White "Esmeraldas Huachi, Anderson"]
[Black "Wong Pages, Juan"]
[Result "0-1"]
[WhiteElo "2081"]
[BlackElo "2008"]
[PlyCount "64"]
[EventDate "2022.08.23"]
[EventRounds "9"]
[EventCountry "COL"]

1. d4 d5 2. c4 dxc4 3. e3 e5 4. Bxc4 exd4 5. exd4 Nf6 6. Nf3 Be7 7. Ne5 O-O 8.
O-O Nbd7 9. Qb3 Nxe5 10. dxe5 Ng4 11. Qc3 Bc5 12. Bxf7+ Rxf7 13. Qxc5 b6 14.
Qc4 Nxe5 15. Qe4 Ba6 16. Bg5 Qf8 17. Rd1 Rxf2 18. Nc3 Re8 19. Qd5+ Qf7 20. Re1
Rf5 21. Bh4 Nf3+ 22. Qxf3 Rxe1+ 23. Rxe1 Rxf3 24. gxf3 Qxf3 25. Re8+ Kf7 26.
Re1 Kg6 27. Bg3 Bb7 28. Re6+ Kf5 29. Re2 Kg4 30. Be1 Qh1+ 31. Kf2 Qxh2+ 32. Kf1
Ba6   0-1

[Event "U-20 Pan-American Chess Championship Absolute 2022"]
[Site "(Pereira - Risaralda) Gran Hotel. Calle 19 # 9-19"]
[Date "2022.08.28"]
[Round "9"]
[Board "6"]
[White "Mora Munoz, Alejandro"]
[Black "Garcia De Dios, Jose Antonio"]
[Result "1-0"]
[WhiteElo "1973"]
[BlackElo "2135"]
[PlyCount "103"]
[EventDate "2022.08.23"]
[EventRounds "9"]
[EventCountry "COL"]

1. e4 e6 2. d4 d5 3. Nd2 c5 4. exd5 Qxd5 5. Ngf3 cxd4 6. Bc4 Qd7 7. O-O Nc6 8.
Nb3 Nf6 9. Nbxd4 Nxd4 10. Nxd4 a6 11. Re1 b5 12. Bb3 Bb7 13. Bf4 Ne4 14. c3 Nc5
15. Bc2 Be7 16. Qe2 Qd5 17. f3 O-O 18. Rad1 Qh5 19. b4 Na4 20. Bxa4 bxa4 21.
Nxe6 fxe6 22. Qxe6+ Rf7 23. Rd7 Bc8 24. Rd8+ Bxd8 25. Qe8+ Rf8 26. Qxh5 Bf5 27.
Be5 Bg6 28. Qg4 Re8 29. h4 Bf6 30. f4 Ra7 31. h5 Bf7 32. Bxf6 Rxe1+ 33. Kf2 Be6
34. f5 Bxf5 35. Qxf5 Re8 36. Qd5+ Rf7 37. h6 gxf6 38. c4 Kf8 39. Qd6+ Rfe7 40.
Qxa6 Re2+ 41. Kf3 Kf7 42. Qb7+ R8e7 43. Qd5+ Kf8 44. Qd8+ Kf7 45. Qd3 Rxa2 46.
Qxh7+ Ke8 47. Qxe7+ Kxe7 48. h7 Ra3+ 49. Kf4 Rc3 50. h8=Q Rxc4+ 51. Kf5 Rc6 52.
Qa8   1-0

[Event "U-20 Pan-American Chess Championship Absolute 2022"]
[Site "(Pereira - Risaralda) Gran Hotel. Calle 19 # 9-19"]
[Date "2022.08.28"]
[Round "9"]
[Board "7"]
[White "Garzon Zapatanga, Christopher Leonel"]
[Black "Mendez Machado, Andre"]
[Result "1/2-1/2"]
[WhiteElo "1911"]
[BlackElo "1995"]
[PlyCount "73"]
[EventDate "2022.08.23"]
[EventRounds "9"]
[EventCountry "COL"]

1. e4 e5 2. Nf3 Nc6 3. Bb5 a6 4. Ba4 Nf6 5. O-O b5 6. Bb3 Bc5 7. a4 Rb8 8. c3
d6 9. d4 Bb6 10. a5 Ba7 11. h3 O-O 12. Re1 Re8 13. Ng5 Rf8 14. Be3 exd4 15.
cxd4 h6 16. Nf3 Re8 17. Nbd2 Ra8 18. e5 dxe5 19. dxe5 Nxe5 20. Bxa7 Nxf3+ 21.
Nxf3 Rxa7 22. Bxf7+ Kxf7 23. Ne5+ Kf8 24. Qxd8 Rxd8 25. Nc6 Rd6 26. Nxa7 Bb7
27. Rac1 Nd5 28. Re5 Kf7 29. Rd1 c6 30. Rde1 Rd7 31. Re8 Ne7 32. Rb8 c5 33. Ra1
b4 34. Rc1 Rc7 35. Rxc5 Rxc5 36. Rxb7 Ke8 37. Rb6   1/2-1/2

[Event "U-20 Pan-American Chess Championship Absolute 2022"]
[Site "(Pereira - Risaralda) Gran Hotel. Calle 19 # 9-19"]
[Date "2022.08.28"]
[Round "9"]
[Board "8"]
[White "Cabezas Solano, David Alejandro"]
[Black "Puerta Rendon, Jacobo"]
[Result "1/2-1/2"]
[WhiteElo "2196"]
[BlackElo "1662"]
[PlyCount "151"]
[EventDate "2022.08.23"]
[EventRounds "9"]
[EventCountry "COL"]

1. e4 e5 2. Nf3 Nc6 3. Bb5 a6 4. Ba4 Nf6 5. O-O Be7 6. Re1 b5 7. Bb3 d6 8. c3
O-O 9. h3 Na5 10. Bc2 c5 11. d4 cxd4 12. cxd4 Qc7 13. a3 Bd7 14. Nc3 Rfc8 15.
Qe2 Be6 16. d5 Bd7 17. Kh2 Bf8 18. Rg1 g6 19. g4 Bg7 20. Rb1 Nc4 21. Ra1 a5 22.
Bd3 Rab8 23. Nd1 a4 24. Nd2 Na5 25. Nc3 Qb7 26. Ra2 Ne8 27. Ndb1 Nb3 28. Be3
Nd4 29. Qd1 b4 30. axb4 Qxb4 31. Kh1 Qb3 32. Qxb3 Rxb3 33. Nd2 Rb4 34. Rga1 Ra8
35. Kg2 Nc7 36. Nc4 Bf8 37. Rd1 Rab8 38. f4 f6 39. g5 Nc2 40. Bc1 exf4 41. Bxf4
fxg5 42. Bxg5 h6 43. Bc1 Nd4 44. e5 dxe5 45. Nxe5 Bf5 46. Bxf5 gxf5 47. Rxa4
Rxa4 48. Nxa4 Ne2 49. Nd7 Rd8 50. Nxf8 Nxd5 51. Ne6 Ndf4+ 52. Nxf4 Nxf4+ 53.
Bxf4 Rxd1 54. Bxh6 Kh7 55. Be3 f4 56. Bf2 Rd3 57. Nc5 Rd2 58. b3 Rb2 59. Kf3
Kg6 60. Bd4 Rd2 61. Bg1 Kf5 62. h4 Rd1 63. Bf2 Rb1 64. h5 Rh1 65. b4 Rxh5 66.
b5 Ke5 67. b6 Kd6 68. Kxf4 Kc6 69. Ne6 Rb5 70. Nd8+ Kd7 71. Nf7 Kc6 72. Ne5+
Kb7 73. Nd7 Kc6 74. Nf6 Rxb6 75. Bxb6 Kxb6 76. Ke4   1/2-1/2

[Event "U-20 Pan-American Chess Championship Absolute 2022"]
[Site "(Pereira - Risaralda) Gran Hotel. Calle 19 # 9-19"]
[Date "2022.08.28"]
[Round "9"]
[Board "9"]
[White "Loaiza Cuervo, Santiago"]
[Black "Mayta Aiza, Maveric"]
[Result "1-0"]
[WhiteElo "2082"]
[BlackElo "1962"]
[PlyCount "113"]
[EventDate "2022.08.23"]
[EventRounds "9"]
[EventCountry "COL"]

1. e4 c5 2. Nf3 Nc6 3. d4 cxd4 4. Nxd4 Nf6 5. Nc3 d6 6. Bg5 e6 7. Qd2 a6 8.
O-O-O Bd7 9. f4 Be7 10. Bxf6 Bxf6 11. Nf3 Be7 12. g4 b5 13. Kb1 Qa5 14. Bg2 Rc8
15. Nd4 O-O 16. Nxc6 Bxc6 17. Nd5 Qd8 18. Nxe7+ Qxe7 19. Qxd6 Qh4 20. g5 Qf2
21. Qd2 Qxd2 22. Rxd2 Rfd8 23. Rhd1 Rxd2 24. Rxd2 Kf8 25. c3 Ke7 26. Kc2 h6 27.
gxh6 gxh6 28. e5 Bxg2 29. Rxg2 Rc4 30. Rg4 Re4 31. Kd2 Kf8 32. b3 a5 33. Kd3
Re1 34. Rg2 Rf1 35. Ke3 a4 36. Rc2 Ke7 37. c4 axb3 38. axb3 b4 39. Rd2 Rb1 40.
Rd3 Rh1 41. Kd4 Rc1 42. Rg3 Rc2 43. Kc5 Rxh2 44. Kxb4 h5 45. Kc5 h4 46. Rg8 Rf2
47. b4 h3 48. Rh8 Rxf4 49. b5 Kd7 50. b6 h2 51. Rxh2 Kc8 52. Kb5 Kd7 53. c5 Rf1
54. c6+ Ke7 55. c7 Rb1+ 56. Ka6 Ra1+ 57. Kb7   1-0

[Event "U-20 Pan-American Chess Championship Absolute 2022"]
[Site "(Pereira - Risaralda) Gran Hotel. Calle 19 # 9-19"]
[Date "2022.08.28"]
[Round "9"]
[Board "10"]
[White "Gonzalez Mojica, Renan Arturo"]
[Black "Quiroga Jaquez, Angel Ivan"]
[Result "1/2-1/2"]
[WhiteElo "1970"]
[BlackElo "2151"]
[PlyCount "143"]
[EventDate "2022.08.23"]
[EventRounds "9"]
[EventCountry "COL"]

1. d4 Nf6 2. c4 e6 3. Nc3 d5 4. cxd5 exd5 5. Bg5 Be7 6. e3 c6 7. Bd3 Nbd7 8.
Qc2 Nh5 9. Bxe7 Qxe7 10. Nge2 g6 11. O-O O-O 12. Ng3 Nxg3 13. hxg3 Nf6 14. Rab1
Ng4 15. Rfe1 Bd7 16. b4 Rae8 17. Qd2 Qg5 18. f3 Nh6 19. Qf2 Bf5 20. e4 dxe4 21.
Bxe4 Qd8 22. b5 Bxe4 23. Rxe4 Nf5 24. bxc6 bxc6 25. g4 Nd6 26. Rxe8 Rxe8 27. d5
Qf6 28. Qc5 cxd5 29. Nxd5 Qe6 30. Rd1 Rc8 31. Qxa7 Qe2 32. Qd4 Ne8 33. Qd2 Qxd2
34. Rxd2 Ra8 35. Kf2 Kf8 36. Ke2 Ra3 37. Nb4 Nc7 38. Rd3 Ra4 39. a3 Nb5 40. Nc2
h6 41. Rb3 Nc7 42. Rb4 Ra7 43. Kd3 Ne6 44. Rc4 Ke7 45. a4 Rxa4 46. Rxa4 Nc5+
47. Kd4 Nxa4 48. Ne3 Kf6 49. f4 Ke6 50. f5+ Kf6 51. fxg6 fxg6 52. Ke4 Kg5 53.
Kf3 Kh4 54. Nc4 Kg5 55. Ne5 Kf6 56. Nc4 Nc5 57. Nd2 Ne6 58. Ne4+ Ke5 59. Nd2
Ng5+ 60. Ke3 Ne6 61. Nf3+ Kf6 62. Ke4 g5 63. g3 Nc5+ 64. Kd4 Nb3+ 65. Kc3 Na5
66. Kd4 Nc6+ 67. Kd5 Ne7+ 68. Kd6 Ng8 69. Nd2 Kf7 70. Ke5 Nf6 71. Kf5 Nd5 72.
Nc4   1/2-1/2

[Event "U-20 Pan-American Chess Championship Absolute 2022"]
[Site "(Pereira - Risaralda) Gran Hotel. Calle 19 # 9-19"]
[Date "2022.08.28"]
[Round "9"]
[Board "11"]
[White "Mayta Aiza, Vicmar"]
[Black "Ramirez Madrid, Gerardo Alfonso"]
[Result "1/2-1/2"]
[WhiteElo "1627"]
[BlackElo "1967"]
[PlyCount "49"]
[EventDate "2022.08.23"]
[EventRounds "9"]
[EventCountry "COL"]

1. e4 e6 2. d4 d5 3. exd5 exd5 4. Nf3 Nf6 5. Bg5 h6 6. Bh4 g5 7. Bg3 Ne4 8. Bd3
Nc6 9. Nbd2 Nxg3 10. hxg3 Bg7 11. Qe2+ Be6 12. c3 Qd6 13. O-O-O O-O-O 14. Nb3
Rde8 15. Qc2 Kb8 16. Rde1 b6 17. Kb1 Re7 18. Bf5 Bxf5 19. Qxf5 Rhe8 20. Rxe7
Rxe7 21. Nbd2 Nd8 22. Re1 Rxe1+ 23. Nxe1 Qe6 24. Qxe6 Nxe6 25. Nc2   1/2-1/2

[Event "U-20 Pan-American Chess Championship Absolute 2022"]
[Site "(Pereira - Risaralda) Gran Hotel. Calle 19 # 9-19"]
[Date "2022.08.28"]
[Round "9"]
[Board "12"]
[White "Cardenas Encalada, David Josue"]
[Black "Bosquez Leguisamo, Joel Alexander"]
[Result "1-0"]
[WhiteElo "1669"]
[BlackElo "1296"]
[PlyCount "29"]
[EventDate "2022.08.23"]
[EventRounds "9"]
[EventCountry "COL"]

1. d4 d5 2. Nf3 Nf6 3. Bf4 Bf5 4. e3 c5 5. Bd3 Bxd3 6. cxd3 cxd4 7. exd4 Qb6 8.
Nc3 Nc6 9. O-O e6 10. Na4 Qd8 11. Qb3 b6 12. Rac1 Qd7 13. Qb5 Nb4 14. Nc3 Qxb5
15. Nxb5   1-0

[Event "U-20 Pan-American Chess Championship Absolute 2022"]
[Site "(Pereira - Risaralda) Gran Hotel. Calle 19 # 9-19"]
[Date "2022.08.28"]
[Round "9"]
[Board "14"]
[White "Tobar B, Jorge Esteban"]
[Black "Bermudez Rojas, Alejandro"]
[Result "1-0"]
[WhiteElo "1929"]
[BlackElo "1138"]
[PlyCount "63"]
[EventDate "2022.08.23"]
[EventRounds "9"]
[EventCountry "COL"]

1. d4 Nf6 2. Bg5 g6 3. Nc3 Bg7 4. e4 d6 5. f4 O-O 6. Qd2 e5 7. dxe5 dxe5 8.
Qxd8 Rxd8 9. fxe5 Nc6 10. Bxf6 Bxf6 11. exf6 Be6 12. Bd3 Ne5 13. Nge2 Nxd3+ 14.
cxd3 Rxd3 15. Nf4 Re3+ 16. Kf2 Rxc3 17. bxc3 Bc4 18. Rhd1 h6 19. Rd4 b5 20.
Rad1 Bxa2 21. Rd8+ Rxd8 22. Rxd8+ Kh7 23. Ra8 Bc4 24. Rxa7 g5 25. Nd5 c6 26.
Rxf7+ Kg6 27. Rg7+ Kh5 28. f7 cxd5 29. e5 d4 30. f8=Q dxc3 31. Qf3+ Kh4 32.
Qh3#   1-0